Central Library OPAC University of Rajshahi

The Village Cure / (Record no. 86500)

MARC details
000 -LEADER
fixed length control field 00515nam a2200193 a 4500
001 - CONTROL NUMBER
control field 86500
003 - CONTROL NUMBER IDENTIFIER
rucl marc code BD-RjUL
005 - DATE AND TIME OF LATEST TRANSACTION
control field 20260518114155.0
008 - FIXED-LENGTH DATA ELEMENTS--GENERAL INFORMATION
fixed length control field 260518s1899 enk||||| |||| 00| 0 eng d
035 ## - SYSTEM CONTROL NUMBER
System control number (BD-RjUL)86500
040 ## - CATALOGING SOURCE
Original cataloging agency BD-RjUL
Language of cataloging eng
Transcribing agency BD-RjUL
041 ## - LANGUAGE CODE
Language code of text/sound track or separate title eng
082 ## - DEWEY DECIMAL CLASSIFICATION NUMBER
Edition number 23
Classification number 843.7
Author mark and year BAV 1899
100 ## - MAIN ENTRY--PERSONAL NAME
Personal name Balzac, Honoré de
9 (RLIN) 18495
245 ## - TITLE STATEMENT
Title The Village Cure /
Statement of responsibility, etc. Honoré de Balzac
260 ## - PUBLICATION, DISTRIBUTION, ETC. (IMPRINT)
Place of publication, distribution, etc. London :
Name of publisher, distributor, etc. Caxton Publishing Company,
Date of publication, distribution, etc. 1899
300 ## - PHYSICAL DESCRIPTION
Pagination 371 p. ;
Size 21 cm.
942 ## - ADDED ENTRY ELEMENTS (KOHA)
Source of classification or shelving scheme Dewey Decimal Classification
Koha item type Books
Holdings
Lost status Source of classification or shelving scheme Damaged status Not for loan Collection code Permanent Location Current Location Shelving location Date acquired Source of acquisition Cost, normal purchase price Total Checkouts Full call number Date last seen Copy number Koha item type
  Dewey Decimal Classification   Not For Loan Fiction Central Library, University of Rajshahi Central Library, University of Rajshahi Reading Room 20/11/1956 B.H. Black Well 10.10   843.7 BAV 1899 18/05/2026 C-1 Books